|
|
|
|
| LEADER |
01663nam a2200337 a 4500 |
| 001 |
14306145 |
| 008 |
120130s2006 ii b 100 0 eng |
| 010 |
|
|
|a 2006345721
|
| 020 |
|
|
|a 9780195677041
|
| 020 |
|
|
|a 0195677048
|
| 040 |
|
|
|a DLC
|c DLC
|d DLC
|d BD-DhAAL
|
| 042 |
|
|
|a lcode
|
| 043 |
|
|
|a a-ii---
|
| 050 |
0 |
0 |
|a HQ1075.5.I4
|b R54 2006
|
| 082 |
0 |
0 |
|a 305.3
|2 22
|
| 245 |
0 |
0 |
|a Rhetoric and reality :
|b gender and the colonial experience in South Asia /
|c edited by Avril A. Powell and Siobhan Lambert-Hurley.
|
| 260 |
|
|
|a New Delhi ;
|a New York :
|b Oxford University Press,
|c 2006.
|
| 300 |
|
|
|a viii, 320 p. ;
|c 22 cm.
|
| 490 |
0 |
|
|a SOAS studies on South Asia
|
| 520 |
|
|
|a Contributed articles presented at a workshop held in Dhaka, December 2002 on gender identity and family life of Indian women organised by Bangladesh Chapter of International Federation for Research in Women's History.
|
| 504 |
|
|
|a Includes bibliographical references.
|
| 541 |
|
|
|e 00024422
|
| 650 |
|
0 |
|a Gender identity
|z India
|v Congresses.
|
| 650 |
|
0 |
|a Women
|x Family relationships
|v Congresses.
|
| 700 |
1 |
|
|a Powell, Avril A.
|q (Avril Ann)
|
| 700 |
1 |
|
|a Lambert-Hurley, Siobhan.
|
| 710 |
2 |
|
|a International Federation for Research in Women's History.
|b Bangladesh Chapter.
|
| 852 |
1 |
|
|a James P Grant School of Public Health
|c General Shelf.
|
| 999 |
|
|
|c 11838
|d 11838
|
| 952 |
|
|
|0 0
|1 0
|2 ddc
|4 0
|6 305_300000000000000_RHE
|7 0
|9 19348
|a JPGSPH
|b JPGSPH
|c GEN
|d 2012-01-31
|l 0
|o 305.3 RHE
|p 3060024422
|r 2012-01-31
|t 1
|w 2012-01-31
|y BK
|
| 952 |
|
|
|0 0
|1 0
|2 ddc
|4 0
|6 305_300000000000000_RHE
|7 0
|9 22304
|a IGS
|b IGS
|c GEN
|d 2013-05-07
|e Prothoma
|g 1340.00
|l 0
|o 305.3 RHE
|p 3010026919
|r 2013-05-07
|t 2
|w 2013-05-07
|y BK
|